000 01214nam a22003257a 4500
003 CHAP
005 20220329140503.0
008 971013s r 00010 d
010 _a52679
011 _a53651
035 _a57801
040 _cCHAP
090 _aFolleto 3282
110 _aFideicomiso para el Desarrollo de la Fauna Acuática. México
_940727
245 _aContribución al estudio limnobiológico de la presa "El Infiernillo" Michoacán-Guerrero
260 _aMéxico, D.F. :
_bEl Fideicomiso,
_c19-
300 _av.
500 _aLa biblioteca tiene: Datos de la reproducción natural de la carpa herbívora Ctenopharyngodon idella (Valenciana Serie teórica; 2)
590 _aBATCH-UPD
_b10
_c20130110
_lUCH01
_h0526
590 _aBATCH-UPD
_b10
_c20130410
_lUCH01
_h0206
590 _aBATCH-UPD
_b10
_c20130914
_lUCH01
_h0851
590 _aCONVERSION
_b10
_c20130109
_lUCH01
_h1328
650 1 4 _aCarpa.
_919269
650 1 4 _aPiscicultura
_zMichoacán.
_988558
901 _aBK
942 _cFOLL
949 _aFolleto 3282
_bBC
_cFOLL
_d-125611
_eTS1
_i57801
_si
949 _aFolleto 3282
_bBC
_cFOLL
_d-125612
_eTS2
_fc.2
_i57801
_si
949 _aFolleto 3282
_bBC
_cFOLL
_d-125613
_eTS2
_fc.3
_i57801
_si
999 _c52679
_d52679